000 00434nam a2200157 4500
001 109668
003 ES-MaACL
005 20230906184903.0
007 t|
008 061121s1945 sp r ||||1| spa d
100 1 _aOmar, Jorge.
_987033
245 1 0 _aSucedió ayer /
_cpor Jorge Omar [seud.].
260 _aMadrid :
_bCarlos Jaime,
_c[1945?]
300 _a245 p. :
_b`Retr. aut.` ;
_c22 cm.
852 _aES-MaACL
_jB-10091
_bR.21543
999 _c109668
_d109668